| 000 | 02074nam a2200325 a 4500 | ||
|---|---|---|---|
| 003 | BD-RjUL | ||
| 005 | 20240306161442.0 | ||
| 008 | 240306s1960 ii 000 0 urd d | ||
| 035 | _a(BD-RjUL) | ||
| 040 |
_aHUJI _beng _cBD-RjUL |
||
| 041 | 0 | _aurd | |
| 082 |
_223 _a954.0234 _bJAT 1960 |
||
| 100 | 0 |
_aJahangir, _d1569-1627 _99324 |
|
| 245 | 1 | 4 |
_a Tūzuk-i-Jahāngīrī-توزك جهانگیری ;; -Toozuk-i-Jehangeeree--jo "Jahāngīr-nāma" aur "Iqbāl-nāma-e-Jahāngīrī" ke nām-se bhī mausūm hai; yaʻnī, Shahanshāh Jahāngīr ke ʻahd-i salt̤anat kī tārīg̲h̲, jise ... bādshāh ne apnī bādshāhat ke satrahveṅ sāl ke vasat̤ tak taḥrīr-kiyā ..., aur jise taṣḥīh ke-sāth Sir Saiyid Aḥmad (Khān) ne ... 1884 ʻīsavī meṅ ... apne zātī mat̤baʻ meṅ tabʻ-kiyā Tūzuk-i-Jahāngīrī--Toozuk-i-Jehangeeree--jo "Jahāngīr-nāma" aur "Iqbāl-nāma-e-Jahāngīrī" ke nām-se bhī mausūm hai; yaʻnī, Shahanshāh Jahāngīr ke ʻahd-i salt̤anat kī tārīg̲h̲, jise ... bādshāh ne apnī bādshāhat ke satrahveṅ sāl ke vasat̤ tak taḥrīr-kiyā ..., aur jise taṣḥīh ke-sāth Sir Saiyid Aḥmad (Khān) ne ... 1884 ʻīsavī meṅ ... apne zātī mat̤baʻ meṅ tabʻ-kiyā/ _cJahangir; tarjuma سليم واحمد سليم ;; Salim and Ahmed Salim |
| 260 |
_aLahore : _bmajlis i Taraqi adab, _c1960. |
||
| 300 |
_a2 volumes (in 1) ; _c22 cm. |
||
| 500 | _aTranslation of: Jahangirnamah. | ||
| 505 | 8 | _av. 1: From the first to the twelfth year of his reign | |
| 505 | 8 | _av. 2: From the thirteenth to the beginning of the nineteenth year of his reign | |
| 600 | 0 | 4 |
_aJahangir, _cEmperor of Hindustan, _d1569-1627 _99324 |
| 651 | 4 |
_aAgra (India) _xHistory _912118 |
|
| 651 | 4 |
_aIndia _xHistory _y1526-1765 _912010 |
|
| 651 | 4 |
_aIndia _xKings and rulers _vBiography _912119 |
|
| 651 | 4 | _aMogul Empire | |
| 700 | 1 |
_aRogers, Alexander, _d1825-1911 _912120 |
|
| 700 | 1 |
_aBeveridge, Henry, _d1837-1929 _912121 |
|
| 942 |
_2ddc _cBK |
||
| 990 | _auniversities | ||
| 999 |
_c83257 _d83257 |
||